FOYE'S PRINCIPLES OF MEDICINAL CHEMISTRY (Record no. 26452)
[ view plain ]
| 000 -LEADER | |
|---|---|
| fixed length control field | 00427nam a22001697a 4500 |
| 003 - CONTROL NUMBER IDENTIFIER | |
| control field | SGT |
| 020 ## - INTERNATIONAL STANDARD BOOK NUMBER | |
| International Standard Book Number | 9789389335798 |
| 082 ## - DEWEY DECIMAL CLASSIFICATION NUMBER | |
| Classification number | 615.19 |
| Item number | F24R |
| 100 ## - MAIN ENTRY--PERSONAL NAME | |
| Personal name | ROCHE, VICTORIA.F. |
| 245 ## - TITLE STATEMENT | |
| Title | FOYE'S PRINCIPLES OF MEDICINAL CHEMISTRY |
| 250 ## - EDITION STATEMENT | |
| Edition statement | 8TH |
| 260 ## - PUBLICATION, DISTRIBUTION, ETC. (IMPRINT) | |
| Place of publication, distribution, etc | NEW YORK |
| Name of publisher, distributor, etc | WOLTERS KLUWER |
| Year of Publication | 2024 |
| 300 ## - PAGE DESCRIPTION | |
| No. of Pages | 1626 |
| 650 ## - SUBJECT ADDED ENTRY--TOPICAL TERM | |
| Topical term or geographic name as entry element | MEDICINAL CHEMISTRY |
| 653 ## - KEYWORDS--INDEX TERM | |
| Keyword term | FOYE. PRINCIPLES , MEDICINAL, CHEMISTRY |
| 942 ## - ADDED ENTRY ELEMENTS (KOHA) | |
| Source of classification or shelving scheme | Dewey Decimal Classification |
| Koha item type | Books |
| Withdrawn status | Lost status | Source of classification or shelving scheme | Damaged status | Use restrictions | Not for loan | Collection code | Home library | Current library | Shelving location | Date acquired | Vendor Name | Cost, normal purchase price | SGTU | Bill Number | Full call number | Accession No. (Barcode) | Date last seen | Bill Date | Koha item type |
|---|---|---|---|---|---|---|---|---|---|---|---|---|---|---|---|---|---|---|---|
| Dewey Decimal Classification | Restricted Access | PHARMACY | SGT FA-FP Library | SGT FA-FP Library | Reference Book | 30/05/2024 | AHUJA PUBLICATION | 2439.00 | SGTU | 18906 | 615.19 F24R | FP4835 | 30/05/2024 | 08/05/2024 | Books | ||||
| Dewey Decimal Classification | Restricted Access | PHARMACY | SGT FA-FP Library | SGT FA-FP Library | Reference Book | 30/05/2024 | AHUJA PUBLICATION | 2439.00 | SGTU | 18906 | 615.19 F24R | FP4836 | 30/05/2024 | 08/05/2024 | Books |